000 00520nam a2200205Ia 4500
999 _c25324
_d25324
003 GCL
005 20240530101151.0
008 140319s9999 xx 000 0 eng d
040 _aGCL /
_cGCL
082 0 4 _a745.5942
_bD N
100 1 _aDORMER, PETER
245 1 0 _aTHE NEW JEWELRY:TRENDS+TRADITIONS /
_cDORMER, PETER
260 _a[S.N] :
_bTHAMES AND HUDSON ،
_c1994
300 _a216
650 0 4 _aDESIGN
650 0 4 _aDECORATIVE ARTS
650 0 4 _aNEW JEWELRY
700 1 _aTURNER, RALPH
942 _2ddc
_cBK